000 00697nam a22002177a 4500
005 20240530110925.0
008 220214s2009 ua g 000 p ara d
017 _bمصر. دار الكتب
_a2009/19870
020 _a9789774681279
040 _aEG-CaGPL
_cEG-CaGPL
082 0 4 _221
_a811.09/
_bم ق
100 0 _aمحمد زين الله احمد
245 1 0 _aقاب قوسين :
_bديوان شعر /
_cمحمد زين الله احمد
250 _aط. 1
260 _aالقاهرة :
_bمكتبة الاداب،
_c2009
300 _a111 ص. ؛
_c20 سم
650 0 7 _2qrmak
_aالشعر العربى
651 _2qrmak
942 _2ddc
_cBK
999 _c66563
_d66563